Software engineering : (Record no. 176510)
[ view plain ]
| 000 -LEADER | |
|---|---|
| fixed length control field | 00964 a2200217 4500 |
| 003 - CONTROL NUMBER IDENTIFIER | |
| control field | Nust |
| 005 - DATE AND TIME OF LATEST TRANSACTION | |
| control field | 20220802123810.0 |
| 010 ## - LIBRARY OF CONGRESS CONTROL NUMBER | |
| LC control number | 89002598 |
| 020 ## - INTERNATIONAL STANDARD BOOK NUMBER | |
| International Standard Book Number | 0071006281 |
| 040 ## - CATALOGING SOURCE | |
| Transcribing agency | Nust |
| 082 00 - DEWEY DECIMAL CLASSIFICATION NUMBER | |
| Classification number | 005.1,EAS |
| 100 1# - MAIN ENTRY--PERSONAL NAME | |
| Personal name | Easteal, Charles. |
| 9 (RLIN) | 96256 |
| 245 10 - TITLE STATEMENT | |
| Title | Software engineering : |
| Remainder of title | analysis and design / |
| Statement of responsibility, etc. | Charles Easteal, Gordon Davies. |
| 260 ## - PUBLICATION, DISTRIBUTION, ETC. | |
| Place of publication, distribution, etc. | London ; |
| -- | New York : |
| Name of publisher, distributor, etc. | McGraw-Hill, |
| Date of publication, distribution, etc. | c1989. |
| 300 ## - PHYSICAL DESCRIPTION | |
| Extent | xiii, 161 p. : |
| Other physical details | ill. ; |
| Dimensions | 25 cm. |
| 440 #4 - SERIES STATEMENT/ADDED ENTRY--TITLE | |
| Title | The McGraw-Hill international series in software engineering |
| 9 (RLIN) | 96257 |
| 505 ## - FORMATTED CONTENTS NOTE | |
| Formatted contents note | Introduction (Page-1), The Software Life Cycle (Page-3), Requirements Analysis (Page-12), Specification Of Requirements (Page-34), Software Design (Page-39), Selection (Page-42), Initial Design (Page-55), Detailed Design (Page-94), Data Structure Design (Page-119), Design Documentation (Page-130). |
| 650 #0 - SUBJECT ADDED ENTRY--TOPICAL TERM | |
| Topical term or geographic name entry element | Software engineering. |
| 9 (RLIN) | 2256 |
| 700 1# - ADDED ENTRY--PERSONAL NAME | |
| Personal name | Davies, Gordon. |
| 9 (RLIN) | 96258 |
| 942 ## - ADDED ENTRY ELEMENTS (KOHA) | |
| Source of classification or shelving scheme | |
| Koha item type | Book |
| Call number prefix | 005.1,EAS |
| Withdrawn status | Lost status | Source of classification or shelving scheme | Damaged status | Not for loan | Permanent Location | Current Location | Shelving location | Date acquired | Full call number | Barcode | Date last seen | Price effective from | Koha item type | Public note |
|---|---|---|---|---|---|---|---|---|---|---|---|---|---|---|
| Military College of Signals (MCS) | Military College of Signals (MCS) | General Stacks | 12/12/2016 | 005.1,EAS | MCS335 | 12/08/2016 | 12/12/2016 | Book | Almirah No.3, Shelf No.4 |
